Taking sides: Clashing views on controversial issues in human sexuality
This ninth edition of Taking Sides is designed to introduce students to controversies in human sexuality. The readings, which represent the arguments of leading social commentators, educators, and sexologists, reflect a variety of viewpoints and are staged as "pro" and "con" deba...
שמור ב:
| פורמט: | ספר |
|---|---|
| שפה: | Undetermined |
| יצא לאור: |
Iowa
McGraw-Hill/Dushkin
2006
|
| נושאים: | |
| תגים: |
הוספת תג
אין תגיות, היה/י הראשונ/ה לתייג את הרשומה!
|
| Thư viện lưu trữ: | Trung tâm Học liệu Trường Đại học Cần Thơ |
|---|
| LEADER | 01004nam a2200205Ia 4500 | ||
|---|---|---|---|
| 001 | CTU_141521 | ||
| 008 | 210402s9999 xx 000 0 und d | ||
| 020 | |c 503000 | ||
| 082 | |a 612.6 | ||
| 082 | |b T136 | ||
| 245 | 0 | |a Taking sides: | |
| 245 | 0 | |b Clashing views on controversial issues in human sexuality | |
| 245 | 0 | |c Selected, edited, and with introductions by William J. Taverner | |
| 260 | |a Iowa | ||
| 260 | |b McGraw-Hill/Dushkin | ||
| 260 | |c 2006 | ||
| 520 | |a This ninth edition of Taking Sides is designed to introduce students to controversies in human sexuality. The readings, which represent the arguments of leading social commentators, educators, and sexologists, reflect a variety of viewpoints and are staged as "pro" and "con" debates. Issues debated include biology, behavior and human sexuality, issues in reproduction and health, and legal and social issues. | ||
| 650 | |a Sex,Sexual ethics | ||
| 904 | |i Bạch Trúc | ||
| 980 | |a Trung tâm Học liệu Trường Đại học Cần Thơ | ||